00381nam a2200121Ia 4500008004100000040001700041041001200058082002200070100005200092245003500144260006900179300001100248230917s9999||||xx |||||||||||||| ||und|| e215984aMAIN aEnglish a030.954 I2I(1993) aIndia, Ministry of Information and Broadcasting 0aIndia 1993: A reference annual aNew DelhibIndia, Ministry of Information and Broadcastingc1994 a949 p.